Welcome to CU Library Online Public Access Catalogue (OPAC)

Authentic governance : (Record no. 6836)

MARC details
000 -LEADER
fixed length control field 01148cam a22002777i 4500
001 - CONTROL NUMBER
control field 17959669
005 - DATE AND TIME OF LATEST TRANSACTION
control field 20250703153109.0
008 - FIXED-LENGTH DATA ELEMENTS--GENERAL INFORMATION
fixed length control field 131202t20142014sz a b 001 0 eng d
020 ## - INTERNATIONAL STANDARD BOOK NUMBER
International Standard Book Number 9783319031125
020 ## - INTERNATIONAL STANDARD BOOK NUMBER
International Standard Book Number 3319031120
020 ## - INTERNATIONAL STANDARD BOOK NUMBER
Canceled/invalid ISBN 9783319031132 (eBook)
050 00 - LIBRARY OF CONGRESS CALL NUMBER
Classification number HD2741
Item number .R256 2014
082 04 - DEWEY DECIMAL CLASSIFICATION NUMBER
Classification number 658.4
Edition information 23
100 1# - MAIN ENTRY--PERSONAL NAME
Personal name Rampersad, Hubert K.,
Relator term author.
245 10 - TITLE STATEMENT
Title Authentic governance :
Remainder of title aligning personal governance with corporate governance /
Statement of responsibility, etc. Hubert Rampersad, Saleh Hussain.
300 ## - PHYSICAL DESCRIPTION
Extent xii, 253 pages :
Other physical details illustrations (some color) ;
Dimensions 24 cm.
650 #0 - SUBJECT ADDED ENTRY--TOPICAL TERM
Topical term or geographic name entry element Corporate governance.
650 #0 - SUBJECT ADDED ENTRY--TOPICAL TERM
Topical term or geographic name entry element Management.
650 #7 - SUBJECT ADDED ENTRY--TOPICAL TERM
Topical term or geographic name entry element Corporate governance.
Source of heading or term fast
Authority record control number or standard number (OCoLC)fst00879649
650 #7 - SUBJECT ADDED ENTRY--TOPICAL TERM
Topical term or geographic name entry element Management.
Source of heading or term fast
Authority record control number or standard number (OCoLC)fst01007141
700 1# - ADDED ENTRY--PERSONAL NAME
Personal name Hussain, Saleh,
Dates associated with a name 1947-
Relator term author.
856 42 - ELECTRONIC LOCATION AND ACCESS
Materials specified Contributor biographical information
Uniform Resource Identifier <a href="https://www.loc.gov/catdir/enhancements/fy1702/2013956619-b.html">https://www.loc.gov/catdir/enhancements/fy1702/2013956619-b.html</a>
856 42 - ELECTRONIC LOCATION AND ACCESS
Materials specified Publisher description
Uniform Resource Identifier <a href="https://www.loc.gov/catdir/enhancements/fy1702/2013956619-d.html">https://www.loc.gov/catdir/enhancements/fy1702/2013956619-d.html</a>
856 41 - ELECTRONIC LOCATION AND ACCESS
Materials specified Table of contents only
Uniform Resource Identifier <a href="https://www.loc.gov/catdir/enhancements/fy1702/2013956619-t.html">https://www.loc.gov/catdir/enhancements/fy1702/2013956619-t.html</a>
942 ## - ADDED ENTRY ELEMENTS (KOHA)
Source of classification or shelving scheme Library of Congress Classification
Koha item type Books
Suppress in OPAC No
999 ## -
-- 6836
-- 6836
Holdings
Withdrawn status Lost status Source of classification or shelving scheme Damaged status Not for loan Collection Home library Current library Shelving location Date acquired Total checkouts Full call number Barcode Date last seen Copy number Price effective from Koha item type Public note
    Library of Congress Classification     Non-fiction Business Library (Miotso) Business Library (Miotso) General stacks 03/18/2026   HD2741. R36 RAM BSSM00002933 03/18/2026 1 03/18/2026 Books  
    Library of Congress Classification     Non-fiction Business Library (Miotso) Business Library (Miotso) General stacks 03/18/2026   HD2741. R36 RAM BSSM00002934 03/18/2026 2 03/18/2026 Books  
    Library of Congress Classification     Non-fiction Graduate Library (Christ Temple) Graduate Library (Christ Temple) General stacks 07/03/2025   HD2741.R36 RAM GSCT00001713 07/03/2025 1 07/03/2025 Books  
    Library of Congress Classification     Non-fiction Graduate Library (Christ Temple) Graduate Library (Christ Temple) General stacks 02/13/2026   HD 2741.R 36 RAM GSCT00002412 02/13/2026 1 02/13/2026 Books EAQ
© 2023-2024 Copyright: Central University Libraries. All Rights Reserved | Created by: Mahone Tech Office